000 00526nam a2200193Ia 4500
005 20250508160219.0
008 008 250505s9999 xx 000 0 eng d
037 _aBooks to be hide in OPAC
040 _aFEDL
_beng
_cFEDL
041 _aeng
_2eng
084 _qFEDL
245 0 _aRrral special subjects centre
245 0 _cBoard of Education
260 _aLondon, UK
_bThe Authority of his Majesty's Stationery Office
_c1915
300 _a12p.
546 _aWeeded out
942 _cHB
999 _c1362716
_d1362716